Statistics for Avatar: The Last Airbender Trivia Quiz #4

Click here to take the quiz!

General Stats

  • This quiz has been taken 144 times
  • The average score is 10 of 20

Answer Stats

HintAnswer% Correct
What does Sokka drink in the desert that makes him act weird?cactus juice
97%
What is Zuko's masked alter ego?the Blue Spirit
82%
What is the tool that Aang uses to fly?glider
81%
Who did Azula try to hit with lightning during the Agni Kai in the last episode?Katara
81%
Who does Toph meet after angrily leaving the rest of the gaang?Iroh
74%
Who finds Appa in the woods after he escaped his kidnapping?Kyoshi Warriors
69%
On which fire nation island did the gaang see a surprisingly accurate play about themselves?Ember Island
60%
Who burned all the information on the fire nation in Wan Shi Tong’s Library?Zhao
60%
According to the tale of two lovers, who survived and stopped a war?Oma
58%
What did Zuko accidentally call Ozai once? (hint: the ______lord)father
50%
What game did Aang and Sokka play upon arrival at the Southern Air Temple?air ball
47%
What is Suki's weapon of choice?fans
46%
What is the name of the firebending technique Zuko and Aang learn together?the Dancing Dragon
46%
What name does Zuko give to his uncle when he needs help after accidentally poisoning himself?Mushi
34%
What is the half bird half reptile species found in a pond in the fire nation palace?turtleducks
27%
Who was Yue engaged to?Hahn
26%
What was Aang's first line?"Will you go penguin-sledding with me?"
18%
What unorthodox animal do the people in the swamp dub "people food"?bugs
17%
What creature in the Northern Air Temple makes Aang feel better about the new people living there?hermit crabs
17%
Who does the gaang leave in Wan Shi Tong's library (upon his request)?professor Zei
9%

Score Distribution

Percentile by Number Answered

Percent of People with Each Score

Your Score History

You have not taken this quiz